00895 2200289 4500001002100000005001500021035002000036007000300056008004100059020002200100082001600122084001800138100002200156245009900178250003400277300004300311650002300354264003200377336002100409337003000430338002300460040002200483090002200505504003400527999002200561990002200583INLIS00000000090102420251213024054 a0010-1225000104ta251213s2025 yoia g ind d a978-634-01-1276-404223a658.306 a658.306 MUJ m0 aMujitoePengarang10aMengukur kinerja pelayanan dan kepuasan dengan importance performance analysis (IPA) /cMujito aCetakan pertama, Agustus 2025 axiv, 120 halaman :bilustrasi ;c23 cm 4aKinerja-pengukuran31aSleman :bDeepublish,c2025 2rdacontentateks 2rdamediaatanpa perantara 2rdacarrieravolume aYOPDYOGbinderda aCB-D.11 2025-3713 aBibliografi : halaman 117-119 aCB-D.11/2025-3713 aCB-D.11/2025-3713